Potrebujeme silný súkromný sektor návrh transformačnej a hospodárskej stratégie do roku 1995
Rozhovor s vedúcim riešiteľského tímu Úseku makroekonomickej stratégie Centra strategických štúdií SR. Hlavný cieľ a novosť návrhu transformačnej a hospodárskej stratégie do roku 1995. Základné dlhodobé východisko. Smerovanie k sociálne a ekologicky orientovanému hospodárstvu. Proces transformácie v...
Saved in:
| Main Author: | |
|---|---|
| Other Authors: | |
| Format: | Book Chapter |
| Language: | Slovak |
| Subjects: | |
| Tags: |
No Tags, Be the first to tag this record!
|
MARC
| LEADER | 00000naa a2200000 4500 | ||
|---|---|---|---|
| 001 | r000249 | ||
| 005 | 20221213113519.9 | ||
| 041 | 0 | |a slo | |
| 044 | |a SK | ||
| 245 | 1 | 0 | |a Potrebujeme silný súkromný sektor |b návrh transformačnej a hospodárskej stratégie do roku 1995 |c Pavol Ochotnický, Michal Štefánek |
| 520 | |a Rozhovor s vedúcim riešiteľského tímu Úseku makroekonomickej stratégie Centra strategických štúdií SR. Hlavný cieľ a novosť návrhu transformačnej a hospodárskej stratégie do roku 1995. Základné dlhodobé východisko. Smerovanie k sociálne a ekologicky orientovanému hospodárstvu. Proces transformácie vlastníckych vzťahov. Ročná hospodárska politika. | ||
| 610 | 2 | 0 | |a stratégia hospodárska |
| 610 | 2 | 0 | |a transformácia |
| 610 | 2 | 0 | |a Slovensko |
| 610 | 2 | 0 | |a 1994-1995 |
| 610 | 2 | 0 | |a hospodárstvo trhové |
| 610 | 2 | 0 | |a vzťahy ekonomické |
| 610 | 2 | 0 | |a politika hospodárska |
| 100 | 1 | |a Ochotnický, Pavol | |
| 700 | 1 | |a Štefánek, Michal | |